Das Sutta Nipâta : Eine Sammlung Von Gesprächen Welche Zu Den Kanonischen Büchern der Buddhisten Gehört.

Bibliographic Details
Main Author: Pfungst, Arthur.
Other Authors: Fausböll, V.
Format: eBook
Language:German
Published: Berlin/Boston : Walter de Gruyter GmbH, 1889.
Edition:1st ed.
Subjects:
Online Access:Click to View
LEADER 01489nam a22003613i 4500
001 EBC7014839
003 MiAaPQ
005 20240729202203.0
006 m o d |
007 cr cnu||||||||
008 240729s1889 xx o ||||0 ger d
020 |a 9783111572840  |q (electronic bk.) 
035 |a (MiAaPQ)EBC7014839 
035 |a (Au-PeEL)EBL7014839 
035 |a (OCoLC)1330933012 
040 |a MiAaPQ  |b eng  |e rda  |e pn  |c MiAaPQ  |d MiAaPQ 
100 1 |a Pfungst, Arthur. 
245 1 4 |a Das Sutta Nipâta :  |b Eine Sammlung Von Gesprächen Welche Zu Den Kanonischen Büchern der Buddhisten Gehört. 
250 |a 1st ed. 
264 1 |a Berlin/Boston :  |b Walter de Gruyter GmbH,  |c 1889. 
264 4 |c {copy}1889. 
300 |a 1 online resource (92 pages) 
336 |a text  |b txt  |2 rdacontent 
337 |a computer  |b c  |2 rdamedia 
338 |a online resource  |b cr  |2 rdacarrier 
588 |a Description based on publisher supplied metadata and other sources. 
590 |a Electronic reproduction. Ann Arbor, Michigan : ProQuest Ebook Central, 2024. Available via World Wide Web. Access may be limited to ProQuest Ebook Central affiliated libraries.  
655 4 |a Electronic books. 
700 1 |a Fausböll, V. 
700 1 |a Fausböll, V. 
776 0 8 |i Print version:  |a Pfungst, Arthur  |t Das Sutta Nipâta  |d Berlin/Boston : Walter de Gruyter GmbH,c1889 
797 2 |a ProQuest (Firm) 
856 4 0 |u https://ebookcentral.proquest.com/lib/matrademy/detail.action?docID=7014839  |z Click to View